000 00631nam a22002057a 4500
005 20171011105227.0
010 _aENG-120962
020 _c295.00
_a9788193393598
035 _aEN-104494
037 _bDBAD/PUB
082 _aS
100 _aJayakanthan,D.
245 _aThe heroine and other stories /
_cby D. Jayankanthan; translated by Deepalakshmi J.; forworded by Ambai
260 _aNew Delhi
_bNiyogi Books
_c2017
270 _aBlock D, Building No. 77, Okhla Industrial Area, Phase-I
_bNew Delhi
_e110020
300 _a157p.
_c21cm(pbk)
700 _aDeepalakshmi J.
700 _a Ambai
942 _2ddc
_cEN
_hS
_mJAY
999 _c146439
_d146439